000 00432nam a2200181Ia 4500
005 20240823010310.0
008 240823s9999||||xx |||||||||||||| ||und||
041 _aENGLISH
082 _A005.3 N9
100 _aMicrosoft
245 0 _aMicrosoft Office 2000 Complete
250 _a1st
260 _c1999
_b"BPB,New Delhi"
500 _aTRANSFERED
650 _aOffice 2000
_bComputer Science
942 _cBK
999 _c158214
_d158214